00653nam a2200157Ia 4500003000400000005001700004008004000021040000700061041001200068082001800080100012600098245017700224260005300401300001200454650002900466OSt20260428161907.0210210b1987 xxu||||| |||| 00| 0 eng d cAL aKannada a796.07K NADK aNADAGIRA (K G) and NADAGIRA (A).dಕೆ.ಜಿ. ನಾಡಗೀರ ಮತ್ತು ಆನಂದ ನಾಡಗೀರ aKrida tarabeti mattu krida shikshana tatvagalu.bಕ್ರೀಡಾ ತರಬೇತಿ ಮತ್ತು ಕ್ರೀಡಾ ಶಿಕ್ಷಣ ತತ್ವಗಳು. aDharavada.bSharira shikshana prakashana.,c1987 a139,xvi aKrida Tarabeti Shikshana